| 000 | 00399pab a2200157 454500 | ||
|---|---|---|---|
| 008 | 180718b1995 xxu||||| |||| 00| 0 eng d | ||
| 100 | _aVenkata Reddy, M. | ||
| 245 | _aSociology of major irrigation in India - some dimensions | ||
| 260 | _c1995 | ||
| 300 | _ap.57-74 | ||
| 362 | _aDec | ||
| 650 | _aIrrigation - India | ||
| 650 | _aIrrigation | ||
| 773 | _aMan and Development | ||
| 909 | _a30410 | ||
| 999 |
_c30410 _d30410 |
||